000
00250nam a22001097a 4500
082
_a
621 ENG'C
100
_a
COLLIER
_9
75589
245
_a
BOOK 1 CIVIL AND MACHANICAL ENGINEERING
260
_a
LONDON
_b
MACMILLAN
_c
1966
300
_a
125P
942
_c
BK
999
_c
580984
_d
580984